[Event "2nd Sharjah Masters 2018"]
[Site "Sharjah"]
[Date "2018.04.14"]
[Round "3"]
[White "Sundararajan, Kidambi"]
[Black "Al-Zaabi, Sultan"]
[Result "1/2-1/2"]
[WhiteElo "2436"]
[BlackElo "2061"]
[Annotator "TA"]
[PlyCount "54"]
[EventDate "2018.??.??"]
[EventType "swiss"]
[EventCountry "UAE"]
[SourceTitle "playchess.com"]
[Source "ChessBase"]
[SourceQuality "1"]

{[%evp 27,54,-8,0,-25,-35,-25,-19,-40,-27,-17,-12,-24,-18,-54,-57,-60,-82,-67,0,-9,0,0,0,0,0,0,0,0,0]} 1. c4 e6 2. Nc3 d5 3. d4 Be7 4. Nf3 Nf6 5. Bg5 O-O 6. e3 Nbd7 7. Rc1 dxc4 8. Bxc4 c5 9. O-O a6 10. a4 cxd4 11. exd4 Nb6 12. Bb3 Bd7 13. Ne5 Bc6 {D63: Queen's Gambit Declined: Classical: 7 Rc1} 14. Nxc6 (14. Re1 Nbd5 15. Qd3 Nb4 16. Qh3 Nfd5 17. Bd2 Qb6 18. Nxd5 Nxd5 19. Bxd5 Bxd5 20. Nd7 Qxd4 21. Nxf8 Rxf8 {½-½ (73) Borovikov,V (2557)-Karthikeyan,M (2431) Kolkata 2013}) 14... bxc6 {[%cal Bb7c6,Bc6d5][%mdl 32] LiveBook: 6 Games} 15. Re1 Nbd5 $146 {Black has an edge.} ({Predecessor:} 15... Nfd5 16. Bxe7 Nxe7 17. Ne4 Nbd5 18. Qd3 Nb4 19. Qd2 a5 20. Rc3 Nf5 21. Rd1 {½-½ (50) Zhou,H-Pacey,K (2258) Ottawa 2007}) 16. Bc4 Qb6 17. Re2 {[%cal Be1e2,Be2c2,Bc2c6][%mdl 32]} Rfd8 18. Nxd5 cxd5 19. Bd3 g6 20. Be3 Ng4 21. Rec2 Nxe3 22. fxe3 e5 (22... Bg5 $15 23. Qe2 Qb3) 23. Rc6 $1 $11 {[%cal Rc6b6] The position is equal.} Qxb2 {[#] And now ...Bg5 would win.} 24. Rb1 $36 {[%mdl 2048] White has good play.} Qa3 {Threatens to win with ...e4.} 25. Ra1 Qb2 {aiming for ...Bg5.} 26. Rb1 Qa3 {White must now prevent ...e4.} 27. Ra1 Qb2 {Precision: White = 62%, Black = 71%.} 1/2-1/2

[Event "2nd Sharjah Masters 2018"]
[Site "Sharjah"]
[Date "2018.04.14"]
[Round "3"]
[White "Tahbaz, Arash"]
[Black "Rakhmanov, Aleksandr"]
[Result "0-1"]
[WhiteElo "2434"]
[BlackElo "2652"]
[Annotator "TA"]
[PlyCount "126"]
[EventDate "2018.??.??"]
[EventType "swiss"]
[EventCountry "UAE"]
[SourceTitle "playchess.com"]
[Source "ChessBase"]
[SourceQuality "1"]

{[%evp 9,126,54,54,52,73,73,66,45,51,48,51,48,56,59,55,10,56,30,51,38,34,31,36,7,0,-99,-97,-93,-85,-93,-49,-49,-74,-77,-36,-31,-56,-57,-16,-16,-16,-16,-16,-16,-16,-15,-16,-22,-22,-21,-21,-21,-21,-21,-21,-9,-12,-42,-42,-42,-44,-44,-42,-42,-42,-42,-42,-42,-42,-42,-42,-42,-44,-44,-44,-45,-45,-45,-45,-93,-95,-95,-83,-188,-188,-188,-188,-188,-154,-682,-612,-637,-595,-637,-533,-581,-583,-479,-434,-344,-254,-1282,-1174,-1448,-1244,-6095,-6095,-6087,-29964,-29971,-29972,-29972,-29971,-29971,-29972,-29966,-10711,-29991,-29992]} 1. d4 d5 2. c4 e6 3. Nc3 c6 4. Nf3 Bb4 5. Qb3 Ba5 6. Bg5 {D31: Queen's Gambit Declined: Semi-Slav without ...Nf6 (+ Marshall Gambit and Noteboom) and Exchange Variation lines without ...Nf6} Nf6 7. e3 a6 $146 ({Predecessor:} 7... Nbd7 8. cxd5 exd5 9. Bd3 O-O 10. O-O Re8 11. Qc2 {½-½ (24) Gulko,B (2615)-Rozentalis,E (2605) Copenhagen 1996}) 8. cxd5 {White is slightly better.} exd5 9. Bd3 Nbd7 {[%cal Bb8d7,Bd7b6,Bb6a4,Ba4c3][%mdl 32]} 10. O-O h6 11. Bh4 O-O 12. Ne5 Qb6 13. Qxb6 Nxb6 14. a3 {Strongly threatening b4.} Bxc3 15. bxc3 Ne4 16. Rab1 Na4 17. c4 (17. Bxe4 $11 dxe4 18. Rfc1) 17... Nd2 $1 $17 18. c5 Re8 19. Bg3 Nxb1 20. Rxb1 f6 21. Nf3 Nc3 22. Rb3 $1 {[%cal Rb3c3]} Ne4 23. Bxe4 $1 Rxe4 {[#]} 24. Ne5 $1 {[%mdl 512]} a5 {[%cal Ba6a5,Ba5a4][%mdl 32] Threatens to win with ...a4.} (24... fxe5 25. f3) 25. f3 a4 26. Rd3 fxe5 27. fxe4 dxe4 $11 {[%mdl 4096] Endgame KRB-KRB} 28. Rd2 Ra5 29. Rb2 exd4 30. exd4 Kf7 31. Kf2 Ke6 32. Ke3 Kd5 33. Bc7 (33. Be1 {is more complex.} Ra8 34. h4 g6 35. Bg3 Be6 36. Rxb7 Rf8 37. Bf2) 33... Rb5 34. Rxb5 cxb5 $15 {KB-KB} 35. Ba5 $1 g5 36. Be1 Bg4 37. Ba5 Bd1 38. Be1 Bc2 39. Ba5 Bd3 40. Bb4 Bf1 41. g3 Bh3 42. Bd2 Bd7 43. Be1 Bc6 44. Bc3 {[#]} Ke6 $1 45. Bb4 Kf5 46. Bd2 {[#]} (46. h3 $17) 46... Kg4 $1 $19 47. Kf2 Kh3 48. Kg1 Bd5 49. Ba5 $2 (49. Bc1 $17) 49... e3 50. Bb4 Kg4 51. Ba5 Kf3 52. Bb4 Ke4 53. Kf1 Kxd4 54. Kg1 Ke4 55. Kf1 $2 (55. Kg2) 55... Kf3 56. Kg1 Ke2 57. Ba5 h5 58. Bb4 h4 59. gxh4 gxh4 60. Ba5 h3 61. Bb4 Kd1 62. Ba5 Bg2 (62... Be4 $142 63. Bb4 Bf5 64. Kf1 Bg6 65. Kg1 Bd3 66. Bc3 Be4 67. Ba5 Bf5 68. Kf1 Bd3+ 69. Kg1 Bc4 70. Bb4 Kc2 71. Ba5 Kb3 72. Bb4 Kb2 73. c6 bxc6 74. Bc5 Bd3 75. Bd6 Kc2 76. Bb4 Kd1 77. Ba5 c5 78. Bc3 b4 79. axb4 cxb4 80. Bxb4 Bb5 81. Bc3 a3 82. Ba1 a2 83. Bd4 Ke2 84. Bc3 Kf3 85. Bd4 e2 86. Kh1 e1=Q+ 87. Bg1 Bf1 88. Bd4 Bg2#) 63. Bd8 {[#]} b4 $1 {Precision: White = 56%, Black = 84%.} 0-1

[Event "2nd Sharjah Masters 2018"]
[Site "Sharjah"]
[Date "2018.04.14"]
[Round "3"]
[White "Dimakiling, Oliver"]
[Black "Balasubramaniam H"]
[Result "1-0"]
[WhiteElo "2412"]
[BlackElo "2060"]
[Annotator "TA"]
[PlyCount "111"]
[EventDate "2018.??.??"]
[EventType "swiss"]
[EventCountry "UAE"]
[SourceTitle "playchess.com"]
[Source "ChessBase"]
[SourceQuality "1"]

{[%evp 13,111,15,20,0,22,14,16,14,0,1,16,0,39,0,0,0,0,0,27,21,24,18,57,7,0,14,39,22,79,86,74,95,179,98,92,100,89,101,127,124,121,125,128,124,152,143,225,224,303,265,276,267,247,268,275,213,220,45,188,159,283,277,258,156,141,145,217,183,365,148,379,41,156,171,170,148,148,148,414,148,148,148,4419,1796,5716,5582,5175,4694,3138,2112,1742,1484,2031,2248,29970,2439,5624,4064,2407,2387]} 1. c4 e5 2. g3 g6 3. Bg2 Bg7 4. Nc3 Ne7 5. e3 O-O 6. Nge2 Nbc6 7. d3 d6 {LiveBook: 100 Games} 8. a3 {A25: English Opening vs King's Indian with ...Nc6 but without early d3} (8. O-O a5 9. b3 Bg4 10. h3 Be6 11. Ba3 Qd7 12. Kh2 f5 13. f4 exf4 14. gxf4 Rfe8 15. Qd2 d5 16. Rad1 {1-0 (82) Hera,I (2619)-Sipos,I (2471) Hungary 2016}) 8... a5 9. b3 $146 ({Predecessor:} 9. O-O Bf5 10. h3 {1-0 (36) Granados Gomez,M (2428)-Oms Fuentes,L (2125) Barcelona 2001}) 9... Be6 10. Bb2 {The position is equal.} Qd7 11. h4 h6 12. Nd5 f5 13. Qd2 Bf7 14. Nec3 Nxd5 15. Nxd5 Rab8 16. O-O b6 17. b4 Nd8 18. f4 c6 19. Nc3 d5 20. cxd5 cxd5 (20... exf4 $1 $11 21. gxf4 cxd5) 21. Ne2 $16 Qe7 22. Rac1 Nb7 {[#]} (22... Re8 $16) 23. Rc6 ({White should try} 23. h5 $1 $18 {[%mdl 512]}) 23... Nd8 24. Rc2 $1 axb4 25. axb4 exf4 26. Bxg7 (26. Nxf4 Bxb2 27. Rxb2 Qe5 $14) 26... Kxg7 27. Nxf4 Re8 28. Qc3+ (28. Nxd5 Bxd5 29. Qc3+ (29. Bxd5 Qxe3+ 30. Qxe3 Rxe3 $11) 29... Qe5 $14) (28. Bxd5 $6 Qxe3+ 29. Qxe3 Rxe3 $11) 28... Kh7 29. Bxd5 (29. Nxd5 $6 Bxd5 30. Bxd5 Qxe3+ 31. Kh2 Qe5 $16) 29... Qxe3+ (29... Ne6 $16) 30. Kh2 Qe5 31. d4 Qd6 32. Qc7 Qxc7 33. Rxc7 Kg7 {If Black can now play ...g5 this consolidates a bit.} 34. Bxf7 Nxf7 35. d5 $2 (35. Rc6 $1 $18) 35... g5 (35... Rbc8 $14 36. d6 Rcd8) 36. Ne6+ $18 Kf6 (36... Kg6 $16 {keeps fighting.}) 37. g4 $1 Nd6 38. Rc6 Ke5 39. Nc7 Rec8 (39... Re7 $16 {was called for.}) 40. Re1+ Kd4 $2 (40... Kf4) 41. Re6 (41. Rxd6 Rxc7 42. gxf5 gxh4 $16) (41. gxf5 $18 {aiming for Kh3.} gxh4 42. b5 (42. Rxd6 Rxc7 43. Kh3 Rc2 $16)) 41... Rb7 $2 {[#]} (41... Ne8 $16) 42. Rexd6 $2 (42. Nb5+ $1 $18 {[%mdl 512]} Nxb5 43. Rxc8) 42... Rbxc7 ({Black should play} 42... Rcxc7 $14 43. gxf5 gxh4) 43. gxf5 Rxc6 44. dxc6+ {[%mdl 4096] Endgame KR-KR} Ke5 45. Rxh6 {Threatens to win with f6.} Kxf5 $2 {[%mdl 8192] [#]} (45... gxh4 $16 46. b5 (46. Rxh4 Rxc6 47. Rh5 Rf6 $11) 46... Kxf5) 46. b5 $2 (46. h5 $1 $18) 46... gxh4 $16 47. Rh7 {Hoping for Rb7.} Kg4 $2 {[%mdl 8192] [#]} (47... Ke5 $16 48. Kh3 (48. Rxh4 Rg8 $16) 48... Kd6 49. Rxh4 (49. Kxh4 Rg8 $16) 49... Rg8) 48. Rg7+ $1 $18 Kh5 49. Rb7 Ra8 50. Rxb6 Ra2+ 51. Kg1 Ra1+ 52. Kf2 Ra2+ 53. Ke3 Ra8 54. Rb7 (54. c7 $142 Rc8 55. Rc6 h3 56. b6 h2 57. Rc1 Kg5 58. Rh1 Ra8 59. b7 Ra3+ 60. Kd4 Ra4+ 61. Kc3 Ra3+ 62. Kb2) 54... Re8+ 55. Kf3 Rf8+ 56. Ke4 {Precision: White = 46%, Black = 23%.} 1-0

[Event "2nd Sharjah Masters 2018"]
[Site "Sharjah"]
[Date "2018.04.14"]
[Round "3"]
[White "Assaubayeva, Bibisara"]
[Black "Eljanov, Pavel"]
[Result "0-1"]
[WhiteElo "2359"]
[BlackElo "2700"]
[Annotator "TA"]
[PlyCount "82"]
[EventDate "2018.??.??"]
[EventType "swiss"]
[EventCountry "UAE"]
[SourceTitle "playchess.com"]
[Source "ChessBase"]
[SourceQuality "1"]

{[%evp 19,82,12,11,13,13,12,22,19,11,21,0,-28,-19,-19,-19,-19,-19,-22,-18,-15,-15,-15,-18,-27,-26,-29,-14,-17,-12,-19,0,-8,0,-38,-64,-67,-64,-66,-64,-71,-56,-91,-72,-195,-191,-188,-178,-354,-352,-345,-330,-29981,-970,-895,-895,-771,-1254,-1222,-1199,-1548,-1528,-2414,-2400,-5261,-3950]} 1. d4 Nf6 2. c4 e6 3. Nf3 Bb4+ 4. Nbd2 O-O 5. a3 Be7 6. e4 d6 {E11: Bogo-Indian} 7. Be2 Nfd7 (7... c5 8. d5 e5 9. Qc2 Nbd7 10. Nf1 a6 11. Bd2 Nh5 12. g3 g6 13. Ne3 Ng7 14. Bd3 {½-½ (35) Ding,L (2774)-Carlsen,M (2837) Saint Louis 2017}) 8. Nb1 e5 9. Nc3 exd4 10. Nxd4 Nc6 {LiveBook: 3 Games} 11. Be3 Bf6 12. O-O Nc5 13. Rb1 Re8 14. f3 {[#]} Be5 $146 15. Bf2 Nxd4 16. Bxd4 Qf6 17. Bxe5 dxe5 18. Nd5 {[%cal Bc3d5,Bd5e3,Be3c4][%mdl 32]} Qd8 19. b4 Ne6 20. c5 Nd4 21. Bc4 c6 $36 {[%mdl 2048] Black fights for an advantage.} 22. Ne3 b5 23. cxb6 axb6 {White must now prevent ...b5.} 24. a4 Be6 25. Bxe6 Rxe6 26. Nc4 b5 27. axb5 cxb5 28. Na5 h5 {[%cal Bh7h5,Bh5h4,Bh4h3][%mdl 32]} 29. Kh1 h4 30. Qd2 {[#]} h3 $1 {[%mdl 512]} 31. g3 (31. gxh3 $17 Qh4 32. Nb3) 31... Qe7 $19 32. Qc3 Rd8 33. Rbd1 $2 (33. Rf2 {was called for.}) 33... Red6 34. Rd2 Ne6 35. Rfd1 $2 {[#]} (35. Re2 $19 Rd3 36. Qc2) 35... Rxd2 (35... Qa7 $142 $3 {[%mdl 512]} 36. Rg1 Rxd2 37. Nb3 Rd1 38. Nd4 R8xd4 39. Qc8+ Kh7 40. Qc5 Nxc5 41. g4 Qa1 42. Rxd1 Rxd1#) 36. Rxd2 {Black is clearly winning.} Rxd2 37. Qxd2 Nd4 38. f4 Qc7 39. Qb2 g6 40. Kg1 Nf3+ 41. Kf1 {[#]} Nxh2+ $1 {[%mdl 512] Precision: White = 38%, Black = 87%.} 0-1

[Event "2nd Sharjah Masters 2018"]
[Site "Sharjah"]
[Date "2018.04.14"]
[Round "3"]
[White "Soumya, Swaminathan"]
[Black "Gagare, Shalmali"]
[Result "1-0"]
[WhiteElo "2354"]
[BlackElo "2039"]
[Annotator "TA"]
[PlyCount "63"]
[EventDate "2018.??.??"]
[EventType "swiss"]
[EventCountry "UAE"]
[SourceTitle "playchess.com"]
[Source "ChessBase"]
[SourceQuality "1"]

{[%evp 12,63,42,40,56,33,38,38,51,43,49,31,50,31,66,54,56,54,62,66,70,62,64,69,60,60,76,97,70,53,163,156,168,150,168,161,175,256,236,240,237,241,227,212,810,806,809,795,787,661,781,756,29996,29995]} 1. e4 c5 2. Nf3 Nc6 3. Nc3 Nf6 4. Bb5 a6 5. Bxc6 dxc6 6. h3 g6 {B30: Sicilian: 2...Nc6 3 Bb5, lines without ...g6} 7. d3 {LiveBook: 11 Games} Qc7 8. Be3 $146 ({Predecessor:} 8. e5 Nd5 9. Ne4 Bg7 10. c4 Nb6 11. Qe2 O-O 12. Bf4 Nd7 13. Nc3 Rd8 14. Qe3 {1-0 (44) Muzychuk,M (2357)-Orlyanskaya,D (2100) Odessa 2008}) 8... e5 {White is slightly better.} 9. Qd2 Nd7 10. a4 a5 11. Bh6 Qd6 12. O-O Bxh6 13. Qxh6 Qf8 14. Qe3 (14. Qh4 {with more complications.} Qe7 15. Qg3 b6 16. Nd1 Ba6 17. Ne3) 14... Qg7 15. Nd2 O-O 16. Nc4 b6 17. Nb1 {[%cal Bc3b1,Bb1d2,Bd2c4,Bc4d6][%mdl 32]} Ba6 18. Nbd2 f5 {[#]} 19. exf5 $1 gxf5 20. f4 $36 {[%cal Rf4e5][%mdl 2048] White has the initiative.} exf4 ({Black should try} 20... Rae8 $14) 21. Rxf4 $18 Rae8 {[#]} 22. Qf2 $1 Bxc4 23. Nxc4 b5 24. axb5 cxb5 25. Nd6 (25. Nxa5 $6 Ra8) 25... Qxb2 26. Rxa5 Qc1+ 27. Kh2 Re2 $2 (27... Re1 28. Rxf5 (28. Rxb5 Kh8 $14) (28. Qg3+ $2 Kh8 $19) 28... Rh1+ 29. Kg3 Rxf5 30. Ra8+ (30. Qxf5 Qe1+ 31. Kg4 Qe2+ 32. Kh4 Qe7+ 33. Qg5+ Qxg5+ 34. Kxg5 Rh2 $18) 30... Nf8 31. Qxf5 Qe1+ 32. Qf2 (32. Kg4 Qe2+ 33. Kg3 Qe1+ 34. Qf2 Qxf2+ 35. Kxf2 Rc1 $16) 32... Qxf2+ 33. Kxf2 Rc1) 28. Qg3+ Kh8 29. Rxf5 Re7 30. Rxf8+ Nxf8 31. Nf5 {Threatening mate with Ra8.} Qd2 32. Nxe7 {Precision: White = 69%, Black = 43%.} 1-0

[Event "2nd Sharjah Masters 2018"]
[Site "Sharjah"]
[Date "2018.04.14"]
[Round "3"]
[White "Hejazipour, Mitra"]
[Black "Kakulidis, Ellen"]
[Result "1-0"]
[WhiteElo "2304"]
[BlackElo "1975"]
[Annotator "TA"]
[PlyCount "47"]
[EventDate "2018.??.??"]
[EventType "swiss"]
[EventCountry "UAE"]
[SourceTitle "playchess.com"]
[Source "ChessBase"]
[SourceQuality "1"]

{[%evp 20,47,6,9,91,92,91,89,106,106,102,119,114,106,182,177,301,298,2838,2779,2816,2425,2403,2245,2243,1520,1472,1460,1239,1235]} 1. d4 d5 2. Nf3 e6 3. c4 Nf6 4. g3 Be7 5. Bg2 O-O 6. O-O c6 7. Nc3 b6 8. b3 Ba6 9. Qd3 Nbd7 10. e4 {[%cal Be2e4,Be4e5][%mdl 32]} dxc4 {E07: Closed Catalan: Main Line (5 Nf3 0-0 6 0-0 Nbd7)} (10... Qc8 11. Bb2 Rd8 12. Rac1 Nc5 13. dxc5 dxe4 14. Qe2 exf3 15. Qxf3 Rd2 16. Na4 bxc5 17. Rcd1 Rxd1 18. Rxd1 {1-0 (27) Sarana,A (2543)-Fedoseev,V (2733) Sochi 2017}) 11. bxc4 {LiveBook: 21 Games} b5 (11... e5 $11 {keeps the balance.}) 12. cxb5 $16 cxb5 {White is better.} 13. e5 Nd5 14. Nxd5 exd5 15. Re1 $146 ({Predecessor:} 15. Ba3 Nb6 16. Nh4 g6 17. f4 b4 18. Qxa6 bxa3 {1-0 (36) Dolezal,R (2421)-Jurek,J (2351) Czechia 2007}) 15... Nb6 16. h4 h6 {[#]} (16... Bc8 $16) 17. e6 $1 $18 fxe6 {[#]} (17... Bd6 {was called for.} 18. exf7+ Rxf7) 18. Bxh6 $1 {[%mdl 512]} gxh6 $2 (18... Bf6) 19. Qg6+ {White is clearly winning.} Kh8 20. Qxh6+ Kg8 21. Qg6+ Kh8 22. Re5 {[%cal Re5h5]} Rf5 23. Rxf5 exf5 24. Ne5 {Precision: White = 100%, Black = 18%.} 1-0

[Event "2nd Sharjah Masters 2018"]
[Site "Sharjah"]
[Date "2018.04.14"]
[Round "3"]
[White "Dixit, Nikhil"]
[Black "Mahitosh Dey"]
[Result "1/2-1/2"]
[WhiteElo "2285"]
[BlackElo "1913"]
[Annotator "TA"]
[PlyCount "113"]
[EventDate "2018.??.??"]
[EventType "swiss"]
[EventCountry "UAE"]
[SourceTitle "playchess.com"]
[Source "ChessBase"]
[SourceQuality "1"]

{[%evp 25,113,0,0,-6,-12,-20,-18,-21,-15,-10,0,-11,0,0,0,0,17,17,29,0,11,0,0,0,0,0,4,-52,-4,-4,-4,-4,-4,-216,-4,-4,-4,-4,0,-22,-15,-8,-13,-60,-65,-47,-91,-110,-92,-90,-38,-32,0,0,8,8,16,-19,-31,-761,-539,-1032,-327,-1029,-1069,-1045,-1087,-1029,-1053,-1018,-716,-1083,-1103,-1069,-1087,-1032,-1076,-1069,-1060,-1037,-800,-831,-399,-391,0,0,0,0,0,0]} 1. e4 e5 2. Nf3 Nc6 3. Nc3 Nf6 4. d4 exd4 5. Nxd4 Bb4 6. Nxc6 bxc6 7. Bd3 d5 8. exd5 cxd5 9. O-O O-O 10. Bg5 c6 11. Qf3 Be7 12. Rae1 Rb8 13. Nd1 Be6 {LiveBook: 4 Games. C47: Scotch Four Knights and Four Knights with 4 g3} 14. Bf5 (14. h3 h6 15. Bxh6 gxh6 16. Rxe6 fxe6 17. Qg3+ Kh8 18. Qg6 Qe8 19. Qxh6+ Kg8 20. Qg5+ Kh8 {½-½ (20) Friedrich,N (2305)-Andersen,M (2477) Helsingor 2013}) 14... Bxf5 15. Qxf5 Ne4 $146 ({Predecessor:} 15... Re8 16. Re3 Ne4 17. Bxe7 Rxe7 18. Rfe1 Nd6 19. Qg5 Rxe3 20. Qxd8+ Rxd8 21. Nxe3 {½-½ (21) Vidic,T-Bernik,A Ljubljana 2008}) 16. Bxe7 Qxe7 17. Re3 g6 18. Qf4 f5 19. h4 {White wants to play f3.} Qc5 20. Rfe1 d4 21. R3e2 $1 Rbe8 22. Kh2 h6 23. Qxh6 {Hoping for f3.} Qd6+ 24. Kg1 Re7 25. g3 Rh7 $132 {[%mdl 2048] Black puts up resistance} 26. Qc1 (26. Qf4 $11 Qxf4 27. gxf4) 26... g5 (26... Qd5 {with more complications.} 27. b3 g5 28. Rxe4 fxe4 29. Qxg5+ Rg7) 27. Rxe4 $1 ({Don't go for} 27. hxg5 $2 Qg6 $19) 27... fxe4 28. Rxe4 gxh4 29. Rxh4 $2 (29. Qg5+ $11 {and White stays safe.} Kf7 30. Qf5+ (30. Rxh4 Rxh4 31. Qxh4 Qe5 $15) 30... Kg7 31. Qg5+ Qg6 32. Qe5+ (32. Re7+ Rf7 $17) 32... Qf6 33. Qxd4) 29... Rxh4 $2 (29... Qe7 $1 $19 30. Rg4+ Kh8) 30. Qg5+ $11 Kf7 31. Qxh4 {[%mdl 4096] Endgame KQR-KQN} Qe5 32. Qh7+ Ke6 33. Qg6+ Kd5 34. Qd3 Qe1+ 35. Kg2 Qe4+ 36. f3 Qxd3 37. cxd3 $17 {KR-KN} c5 (37... Re8 $17 {Threatens to win with ...Re1.} 38. Kf2 c5) 38. b3 $15 Kc6 {[%mdl 1024] Black has compensation.} (38... Rf6 $5 39. Nb2 $8 Ra6 $15) 39. g4 Kb5 40. Kg3 {Threatening g5.} Kb4 41. g5 {Strongly threatening f4.} Ka3 42. Kg4 $2 {[%mdl 8192]} (42. Nf2 $15) 42... Kxa2 43. f4 {f5 is the strong threat.} Kxb3 $2 (43... a5 44. f5 Kxb3) 44. g6 $19 {[#]} a5 $1 45. f5 {[#]} a4 $1 46. g7 Rg8 47. f6 a3 48. Kf5 a2 49. f7 Rxg7 50. f8=Q a1=Q 51. Qxg7 Qxd1 {KQ-KQ} 52. Qg8+ Kb2 53. Qc4 Qc2 54. Qb5+ Qb3 $2 (54... Kc1 $19 {And now ...c4! would win.} 55. Ke4 Kd2 56. Qa5+ Ke2) 55. Qxc5 $11 {The position is equal.} Qxd3+ 56. Ke5 Qe3+ 57. Kd5 {Precision: White = 54%, Black = 53%.} 1/2-1/2

[Event "2nd Sharjah Masters 2018"]
[Site "Sharjah"]
[Date "2018.04.14"]
[Round "3"]
[White "Pranav Vijay"]
[Black "Bharath Subramaniyam H"]
[Result "0-1"]
[WhiteElo "2265"]
[BlackElo "1997"]
[Annotator "TA"]
[PlyCount "154"]
[EventDate "2018.??.??"]
[EventType "swiss"]
[EventCountry "UAE"]
[SourceTitle "playchess.com"]
[Source "ChessBase"]
[SourceQuality "1"]

{[%evp 20,153,21,8,9,8,16,0,8,-66,-58,-65,-68,-167,-165,-158,-158,-172,-171,-166,-135,-127,-127,-128,-112,-195,-199,-217,-213,-214,-212,-238,-247,-262,-258,-274,-205,-226,-188,-242,-226,-225,-216,-225,-207,-241,-243,-241,-228,-478,-461,-512,-497,-459,-471,-465,-412,-489,-483,-694,-672,-654,-595,-599,-595,-644,-639,-713,-737,-725,-709,-1091,-1091,-1079,-1080,-1052,-1029,-959,-938,-831,-725,-981,-547,-1127,-1114,-1959,-1254,-1180,-800,-663,-620,-522,-403,-1307,-1293,-964,-380,-12842,-12835,-29976,-12834,-29985,-29986,-29986,-29987,-29992,-29979,-29979,-29980,-29979,-29979,-29979,-29980,-29980,-29981,-29981,-29982,-29991,-29989,-29989,-29990,-29990,-29981,-29991,-29992,-29994,-29995,-29995,-29994,-29996,-29997,-29998,-29998,-29998,-29999,-29999]} 1. Nf3 Nf6 2. g3 d5 3. Bg2 Bf5 4. O-O c6 5. d3 h6 6. Nbd2 e6 7. b3 Be7 8. Bb2 O-O 9. Ne5 Nbd7 10. e4 {A07: Réti Opening: New York and Capablanca Systems} Bh7 11. f4 {LiveBook: 3 Games} (11. Nxd7 Nxd7 12. Qe2 dxe4 13. dxe4 Bf6 14. Bxf6 Qxf6 15. Qe3 Rfd8 16. Rad1 Nb6 17. c3 Rd7 18. Nf3 Rad8 19. Rxd7 Rxd7 {½-½ (88) Demchenko,A (2639)-Eliseev,U (2557) Ekaterinburg 2013}) 11... Nxe5 12. fxe5 {The position is equal.} Nd7 {[%cal Bf6d7,Bd7e5,Be5g4][%mdl 32]} 13. Qe2 Qa5 $146 ({Predecessor:} 13... Qb6+ 14. Kh1 Rad8 15. d4 dxe4 16. Nxe4 c5 17. Rad1 Qc7 {1-0 (45) Jenal,J (2440)-Glaser,H (2460) ICCF corr 1995}) 14. c4 ({Better is} 14. d4 $11) 14... d4 $15 15. Bxd4 Nxe5 16. Be3 (16. Nf3 $15 Bc5 17. Bf2) 16... Qc3 $19 17. d4 {[#]} Ng4 $1 {[%cal Rg4e3][%mdl 512]} 18. Bf4 (18. Qxg4 Qxe3+) 18... Qxd4+ 19. Kh1 e5 $36 {[%mdl 2048] Keeping White busy.} 20. Qxg4 {aiming for Bxh6.} exf4 21. Nf3 Qf6 ({Don't go for} 21... Qxe4 $2 22. Rae1 $18) 22. Rae1 (22. Ng1 $17) 22... Bb4 23. Re2 fxg3 24. Qxg3 Rae8 25. e5 Qg6 26. Qf4 Qh5 {White must now prevent ...Bd3.} 27. Rg1 Qf5 28. Qg3 Bc5 29. Rf1 (29. Bh3 {might work better.} Qg6 30. Bf5 Qxg3 31. Bxh7+ Kxh7 32. Rxg3) 29... Qg6 {...Qxg3 is the strong threat.} 30. Qe1 Qd3 31. Ng1 Rd8 {[%cal Be8d8,Bd8d4,Bd4f4][%mdl 32]} 32. Nh3 {[#] intending Nf4.} Bb4 $1 {[%cal Rb4e1][%mdl 512]} 33. Qf2 (33. Qxb4 Qxe2) 33... Qd4 34. Qg3 $2 (34. Qxd4 Rxd4 35. Nf2) 34... Bd3 35. Rd1 {With the idea Re3.} Bxe2 36. Rxd4 Rxd4 37. Nf2 Bh5 38. Bf3 Bg6 39. e6 (39. h4 $142) 39... Bd6 40. Qh3 Rf4 41. Qg3 Kh7 42. Nh3 Rd4 43. Qg1 Rd3 44. Qg4 fxe6 45. Be4 {[#]} Rd1+ $1 {[%mdl 512]} 46. Ng1 (46. Qxd1 Bxe4+) 46... Bxe4+ 47. Qxe4+ Kh8 48. Kg2 Rd2+ 49. Ne2 Bc5 50. Kh3 Rf6 51. Nf4 Bd6 52. Ng6+ Kg8 53. Ne5 Bxe5 54. Qxe5 {[%mdl 4096] Endgame KQ-KRR} Kh7 55. Qe4+ Rg6 56. a4 {[#]} (56. a3 $142) 56... Rdg2 $1 57. b4 (57. Qxg2 Rxg2) 57... R2g5 $2 (57... R2g4 58. Qxg4 Rxg4 59. Kxg4 Kg6) 58. Qe2 $2 (58. Kh4) 58... Rf5 59. c5 a6 (59... e5 $142 60. b5 e4 61. Qd1 Rf3+ 62. Kh4 Rgf6 63. Qd7 R6f4+ 64. Qg4 g5+ 65. Kh5 Rxg4 66. Kxg4 Kg6 67. bxc6 h5#) 60. Qd1 e5 {Black mates.} 61. Qe2 e4 62. Qd1 e3 63. Qe2 Re5 64. Kh4 Re4+ 65. Kh3 Kh8 66. Qf3 Re5 67. Qe2 Rf6 68. Qb2 Rff5 69. Qe2 Rf2 70. Qe1 e2 71. b5 Rf1 72. bxa6 Rxe1 73. a7 Re8 74. Kg4 Rg1+ 75. Kh5 Re5+ 76. Kh4 e1=Q+ 77. Kh3 Rh5# {Precision: White = 29%, Black = 75%.} 0-1